[Event "AUT-chT2W 2122"]
[Site "Austria"]
[Date "2022.03.12"]
[Round "10.1"]
[White "Prediger, Rupert"]
[Black "Kalcher, Mathias"]
[Result "1/2-1/2"]
[WhiteElo "2196"]
[BlackElo "2099"]
[PlyCount "76"]
[EventDate "2021.10.15"]
[EventType "team-tourn"]
[EventRounds "11"]
[EventCountry "AUT"]
[SourceTitle "EXT 2023"]
[Source "ChessBase"]
[SourceDate "2022.10.05"]
[SourceVersion "1"]
[SourceVersionDate "2022.10.05"]
[SourceQuality "1"]
[WhiteTeam "Kufstein/Woergl"]
[BlackTeam "Wolfurt"]
[WhiteTeamCountry "AUT"]
[BlackTeamCountry "AUT"]

1. e4 c5 2. Nf3 e6 3. d4 cxd4 4. Nxd4 a6 5. Bd3 Bc5 6. Nb3 Be7 7. Nc3 d6 8. 0-0 Nf6 9. f4 Nbd7 10. Qe2 Qc7 11. Bd2 0-0 12. Rae1 e5 13. f5 b5 14. a3 Bb7 15. Qf3 Nb6 16. Na5 Nc4 17. Bxc4 bxc4 18. Nxb7 Qxb7 19. Bc1 h6 20. Rd1 Rad8 21. Nd5 Nxd5 22. Rxd5 Bg5 23. Bxg5 hxg5 24. f6 Qb6+ 25. Kh1 Qxb2 26. fxg7 Kxg7 27. Qf6+ Kh7 28. h4 Qxc2 29. Qf5+ Kh8 30. Qxg5 f5 31. Qh6+ Kg8 32. Qg6+ Kh8 33. Rxd6 Rxd6 34. Qxd6 Rf7 35. Qh6+ Kg8 36. Rxf5 Rxf5 37. Qg6+ Kh8 38. exf5 c3 1/2-1/2

[Event "AUT-chT2W 2021"]
[Site "Austria"]
[Date "2020.10.10"]
[Round "2.2"]
[White "Kalcher, Mathias"]
[Black "Mittelberger, Peter"]
[Result "1/2-1/2"]
[WhiteElo "2105"]
[BlackElo "2176"]
[PlyCount "60"]
[EventDate "2020.10.09"]
[EventType "team-tourn"]
[EventRounds "11"]
[EventCountry "AUT"]
[SourceTitle "CBM 199 Extra"]
[Source "ChessBase"]
[SourceDate "2021.01.31"]
[SourceVersion "1"]
[SourceVersionDate "2021.01.31"]
[SourceQuality "1"]
[WhiteTeam "Wolfurt"]
[BlackTeam "Hoerbranz"]
[WhiteTeamCountry "AUT"]
[BlackTeamCountry "AUT"]

1. c4 g6 2. Nf3 Bg7 3. Nc3 d6 4. d4 Nf6 5. e4 0-0 6. Be2 Nbd7 7. 0-0 e5 8. d5 a5 9. Ne1 Nc5 10. f3 Nh5 11. Nd3 Nxd3 12. Bxd3 Nf4 13. Ne2 Nxe2+ 14. Qxe2 a4 15. Be3 c5 16. dxc6 bxc6 17. b4 axb3 18. axb3 Rb8 19. Rfb1 c5 20. Qd2 Be6 21. b4 cxb4 22. Rxb4 Rxb4 23. Qxb4 Qb8 24. Qa3 Rc8 25. c5 dxc5 26. Bxc5 Bf8 27. Bxf8 Rxf8 28. Rb1 Qc7 29. Rc1 Qd7 30. Qc3 Rd8 1/2-1/2

[Event "AUT-chT2W 1920"]
[Site "Austria"]
[Date "2020.01.19"]
[Round "8.5"]
[White "Kalcher, Mathias"]
[Black "Neuschmied, Siegfried"]
[Result "0-1"]
[WhiteElo "2138"]
[BlackElo "2268"]
[PlyCount "129"]
[EventDate "2019.10.04"]
[EventType "team-tourn"]
[EventRounds "11"]
[EventCountry "AUT"]
[SourceTitle "CBM 195 Extra"]
[Source "ChessBase"]
[SourceDate "2020.05.31"]
[SourceVersion "1"]
[SourceVersionDate "2020.05.31"]
[SourceQuality "1"]
[WhiteTeam "Wolfurt"]
[BlackTeam "Kufstein/Woergl"]
[WhiteTeamCountry "AUT"]
[BlackTeamCountry "AUT"]

1. c4 e5 2. Nc3 Bb4 3. Nd5 Bc5 4. e3 c6 5. d4 cxd5 6. dxc5 Qa5+ 7. Bd2 Qxc5 8. Qg4 Kf8 9. cxd5 d6 10. Qh4 Qb6 11. Rc1 Nd7 12. b4 Ne7 13. e4 Ng6 14. Qh3 Ke7 15. Qb3 a5 16. bxa5 Qxb3 17. axb3 Nc5 18. b4 Nxe4 19. Rc7+ Kd8 20. Rxf7 Rf8 21. Rxf8+ Nxf8 22. Be3 Bd7 23. b5 Nc3 24. Bc4 Bxb5 25. Bxb5 Nxb5 26. Bb6+ Ke7 27. Kd2 Nd7 28. Ne2 Rc8 29. Be3 Na3 30. Bg5+ Kf7 31. Ra1 Nc4+ 32. Kd3 Nb2+ 33. Kd2 Nc5 34. Kc3 Ne4+ 35. Kxb2 Nxg5 36. Nc3 Ke7 37. Ra4 Nf7 38. Rb4 Rc7 39. Kc2 Nd8 40. Kd3 Rc5 41. Rb5 Rc7 42. Ne4 Rc1 43. f3 Rd1+ 44. Ke2 Rd4 45. Ke3 Rd1 46. g4 h6 47. h4 g6 48. h5 gxh5 49. gxh5 Kd7 50. Rb6 Kc7 51. Rb5 Ra1 52. Nf6 Ra4 53. Ne8+ Kd7 54. Nf6+ Kc8 55. Ng4 Nf7 56. Kf2 Ra3 57. Kg2 Rc3 58. Kf2 Kc7 59. Ke2 Rc4 60. Ke3 Ra4 61. Kf2 Rf4 62. Rb1 Rf5 63. Rc1+ Kb8 64. Ke3 Rxh5 65. Nf6 0-1

[Event "AUT-chT2W 1819"]
[Site "Austria"]
[Date "2019.03.10"]
[Round "11.4"]
[White "Kondrak, Christof"]
[Black "Kalcher, Mathias"]
[Result "0-1"]
[WhiteElo "2107"]
[BlackElo "2070"]
[PlyCount "110"]
[EventDate "2018.10.12"]
[EventType "team-tourn"]
[EventRounds "11"]
[EventCountry "AUT"]
[SourceTitle "CBM 189 Extra"]
[Source "ChessBase"]
[SourceDate "2019.06.03"]
[SourceVersion "1"]
[SourceVersionDate "2019.06.03"]
[SourceQuality "1"]
[WhiteTeam "Jenbach II"]
[BlackTeam "Wolfurt"]
[WhiteTeamCountry "AUT"]
[BlackTeamCountry "AUT"]

1. d4 Nf6 2. Bf4 g6 3. e3 Bg7 4. Be2 0-0 5. c3 d6 6. h3 c5 7. dxc5 dxc5 8. Qxd8 Rxd8 9. Bf3 Nd5 10. Bg3 Nb4 11. Na3 Nd3+ 12. Kf1 Nc6 13. Nb5 a6 14. Nc7 Ra7 15. Nd5 Nxb2 16. Bc7 Rf8 17. Bb6 Ra8 18. Bxc5 Be6 19. Rb1 Na4 20. Nxe7+ Nxe7 21. Bxe7 Rfe8 22. Rxb7 Nxc3 23. a3 Bc4+ 24. Ne2 Rab8 25. Rxb8 Rxb8 26. Bb4 Na2 27. g4 Nxb4 28. axb4 Rxb4 29. Kg2 a5 30. Nd4 a4 31. Ra1 Bb5 32. Rd1 Bxd4 33. exd4 a3 34. Bd5 Bc4 35. Bxc4 Rxc4 36. Kf3 Ra4 37. Ke4 Kf8 38. Ra1 a2 39. Kd3 Ke7 40. Kc3 Kd6 41. Kb3 Ra7 42. Rxa2 Rxa2 43. Kxa2 Kd5 44. Kb2 Kxd4 45. Kc2 Ke4 46. Kd2 Kf3 47. Ke1 Kg2 48. h4 Kh3 49. f3 Kxh4 50. Kf2 h5 51. gxh5 Kxh5 52. Ke3 Kh4 53. Kf4 f6 54. Ke3 Kg3 55. Ke2 f5 0-1

[Event "AUT-chT2W 1819"]
[Site "Austria"]
[Date "2019.02.10"]
[Round "8.5"]
[White "Kalcher, Mathias"]
[Black "Mittelberger, Peter"]
[Result "0-1"]
[WhiteElo "2070"]
[BlackElo "2199"]
[PlyCount "124"]
[EventDate "2018.10.12"]
[EventType "team-tourn"]
[EventRounds "11"]
[EventCountry "AUT"]
[SourceTitle "CBM 189 Extra"]
[Source "ChessBase"]
[SourceDate "2019.06.03"]
[SourceVersion "1"]
[SourceVersionDate "2019.06.03"]
[SourceQuality "1"]
[WhiteTeam "Wolfurt"]
[BlackTeam "Pradl"]
[WhiteTeamCountry "AUT"]
[BlackTeamCountry "AUT"]

1. d4 d6 2. c4 g6 3. e4 Bg7 4. Nc3 Nd7 5. Be3 e5 6. Be2 Ngf6 7. Nf3 0-0 8. d5 a5 9. Nd2 Nc5 10. a3 Bd7 11. b4 axb4 12. axb4 Rxa1 13. Qxa1 Na6 14. Qa3 Bg4 15. f3 Bc8 16. c5 Nb8 17. Qa7 Nbd7 18. c6 bxc6 19. dxc6 Nb6 20. Bxb6 cxb6 21. c7 Qe7 22. Qxb6 Be6 23. Ba6 Bh6 24. Ke2 Nd7 25. Qf2 Nf6 26. Nb5 Bd7 27. Rc1 Qe6 28. Nc3 d5 29. b5 d4 30. Nd5 Nxd5 31. exd5 Qxd5 32. c8Q Bxc8 33. Bxc8 Be3 34. Qf1 Qxb5+ 35. Ke1 Qb2 36. Rd1 Rxc8 37. Qa6 Bxd2+ 38. Rxd2 Qc1+ 39. Ke2 Qc4+ 40. Qxc4 Rxc4 41. Kd3 Rc3+ 42. Ke4 Re3+ 43. Kd5 g5 44. g3 d3 45. h4 Rxf3 46. Kxe5 Rxg3 47. hxg5 Rxg5+ 48. Ke4 Rg4+ 49. Ke5 Kg7 50. Rxd3 Kg6 51. Rf3 f5 52. Ra3 Re4+ 53. Kd5 h5 54. Ra8 h4 55. Rg8+ Kf6 56. Rf8+ Kg5 57. Rg8+ Kf4 58. Rh8 Kg3 59. Rf8 h3 60. Rxf5 Rg4 61. Rf1 Kg2 62. Ra1 h2 0-1

[Event "AUT-chT2W 1819"]
[Site "Austria"]
[Date "2018.10.13"]
[Round "2.6"]
[White "Ciolek, Andreas"]
[Black "Kalcher, Mathias"]
[Result "1-0"]
[WhiteElo "2247"]
[BlackElo "2070"]
[PlyCount "90"]
[EventDate "2018.10.12"]
[EventType "team-tourn"]
[EventRounds "11"]
[EventCountry "AUT"]
[SourceTitle "CBM 186 Extra"]
[Source "ChessBase"]
[SourceDate "2018.08.24"]
[SourceVersion "1"]
[SourceVersionDate "2018.08.24"]
[SourceQuality "1"]
[WhiteTeam "Bregenz"]
[BlackTeam "Wolfurt"]
[WhiteTeamCountry "AUT"]
[BlackTeamCountry "AUT"]

1. e4 c5 2. Nf3 e6 3. d3 b5 4. g3 Bb7 5. Bg2 d6 6. 0-0 Nf6 7. c3 Nbd7 8. Re1 c4 9. dxc4 bxc4 10. Nbd2 Nb6 11. Nxc4 Bxe4 12. Bg5 d5 13. Nxb6 axb6 14. Qb3 Be7 15. Ne5 Bxg2 16. Qb5+ Kf8 17. Kxg2 Ra5 18. Qe2 Qc7 19. Bf4 Bd6 20. Nxf7 Bxf4 21. Nxh8 Ne4 22. gxf4 Qxf4 23. Qf3 Qxf3+ 24. Kxf3 Ke7 25. Ke3 Kf6 26. a4 Ra8 27. f3 Nd6 28. b3 Rxh8 29. a5 bxa5 30. Rxa5 Rb8 31. Ra3 Rb6 32. Kd3 Kf5 33. b4 g5 34. Ra8 Nf7 35. Rf8 Kg6 36. Kd4 Rc6 37. b5 e5+ 38. Kxd5 Rxc3 39. b6 Rb3 40. Kc6 Rc3+ 41. Kd5 Rb3 42. Rb8 Rxf3 43. Rg8+ Kf6 44. b7 Rd3+ 45. Kc5 Rc3+ 1-0

[Event "AUT-chT2W 1819"]
[Site "Austria"]
[Date "2018.10.12"]
[Round "1.6"]
[White "Walcher, Christian"]
[Black "Kalcher, Mathias"]
[Result "0-1"]
[WhiteElo "1897"]
[BlackElo "2070"]
[PlyCount "94"]
[EventDate "2018.10.12"]
[EventType "team-tourn"]
[EventRounds "11"]
[EventCountry "AUT"]
[SourceTitle "CBM 186 Extra"]
[Source "ChessBase"]
[SourceDate "2018.08.24"]
[SourceVersion "1"]
[SourceVersionDate "2018.08.24"]
[SourceQuality "1"]
[WhiteTeam "Oberland"]
[BlackTeam "Wolfurt"]
[WhiteTeamCountry "AUT"]
[BlackTeamCountry "AUT"]

1. e4 c5 2. Nf3 e6 3. d4 cxd4 4. Nxd4 a6 5. g3 d5 6. Bg2 dxe4 7. Bxe4 e5 8. Nb3 Qxd1+ 9. Kxd1 Nf6 10. Bg2 Nc6 11. h3 Bf5 12. Be3 0-0-0+ 13. N1d2 Kb8 14. c3 h5 15. Bg5 Be7 16. Re1 Rhe8 17. Bxc6 bxc6 18. Rxe5 Bxh3 19. Na5 Kc7 20. Nac4 Nd5 21. Bxe7 Rxe7 22. Rxe7+ Nxe7 23. Ne3 Nf5 24. Nxf5 Bxf5 25. b4 g5 26. Ke2 h4 27. gxh4 gxh4 28. Rh1 h3 29. Nf3 Re8+ 30. Kd2 f6 31. Ng1 Rh8 32. Ke3 Kd6 33. Kf4 Be6 34. Ne2 Rh4+ 35. Ke3 Bxa2 36. Nf4 Be6 37. Nxe6 Kxe6 38. Kf3 Rc4 39. Rc1 Rh4 40. Kg3 Rh8 41. c4 h2 42. Rh1 Ke5 43. Kg4 Kd4 44. b5 axb5 45. cxb5 cxb5 46. Kf5 b4 47. f4 Ke3 0-1

[Event "Bodensee op"]
[Site "Bregenz"]
[Date "2018.05.12"]
[Round "8"]
[White "Kalcher, Mathias"]
[Black "Hoellrigl, Wilfried"]
[Result "0-1"]
[WhiteElo "2078"]
[BlackElo "2174"]
[PlyCount "80"]
[EventDate "2018.05.05"]
[EventType "swiss"]
[EventRounds "9"]
[EventCountry "AUT"]
[SourceTitle "CBM 184 Extra"]
[Source "ChessBase"]
[SourceDate "2018.06.28"]
[SourceVersion "1"]
[SourceVersionDate "2018.06.28"]
[SourceQuality "1"]

1. c4 Nf6 2. Nc3 g6 3. e4 d6 4. d4 Bg7 5. Nf3 0-0 6. Be2 e5 7. 0-0 Nc6 8. d5 Ne7 9. Ne1 c5 10. f4 Ne8 11. Nf3 f5 12. fxe5 dxe5 13. Be3 b6 14. a3 Nd6 15. Bd3 Bd7 16. Bf2 a5 17. b4 axb4 18. axb4 Rxa1 19. Qxa1 cxb4 20. c5 bxc5 21. Bxc5 Qc7 22. Bxd6 Qxd6 23. Na2 fxe4 24. Bxe4 Bf5 25. Qe1 Bxe4 26. Qxe4 Rf4 27. Qb1 e4 28. Nd2 Rxf1+ 29. Nxf1 Nxd5 30. Qb3 Qc5+ 31. Kh1 Bc3 32. Ne3 Qxe3 33. Qxd5+ Kg7 34. h3 Bd4 35. Kh2 Qf4+ 36. Kh1 Qf1+ 37. Kh2 Bg1+ 38. Kg3 Qf2+ 39. Kg4 h5+ 40. Kg5 Qf6# 0-1

[Event "AUT-chT3 9798"]
[Site "Vorarlberg "]
[Date "1998.02.13"]
[Round "8"]
[White "Kalcher, Mathias"]
[Black "Riener, Wolfram"]
[Result "1-0"]
[WhiteElo "1810"]
[BlackElo "1911"]
[PlyCount "33"]
[EventDate "1997.??.??"]
[EventType "team-tourn"]
[EventRounds "9"]
[EventCountry "AUT"]
[SourceTitle "EXT 1999"]
[Source "ChessBase"]
[SourceDate "1998.11.16"]
[SourceVersion "1"]
[SourceVersionDate "1998.11.16"]
[SourceQuality "1"]

1. d4 Nf6 2. Bg5 d5 3. c4 c6 4. Bxf6 exf6 5. cxd5 Qxd5 6. Nc3 Qa5 7. e3 Be6 8. a3 a6 9. Bd3 Be7 10. Nge2 Bd6 11. b4 Qg5 12. Ne4 Qxg2 13. Nxd6+ Ke7 14. Rg1 Qxh2 15. Nxb7 Nd7 16. Rxg7 Rhg8 17. Rxh7 1-0